El oficio de investigar: educación y pedagogía hacia el nuevo milenio
Guardat en:
| Autor corporatiu: | |
|---|---|
| Format: | Llibre |
| Idioma: | espanyol |
| Publicat: |
Bogotá
CIUP
2000
|
| Col·lecció: | Serie Desarrollos de Investigación Educativa, 2
|
| Matèries: | |
| Etiquetes: |
Afegir etiqueta
Sense etiquetes, Sigues el primer a etiquetar aquest registre!
|
MARC
| LEADER | 00000nam a2200000 a 4500 | ||
|---|---|---|---|
| 001 | UCN2893 | ||
| 003 | CL-VaPUC | ||
| 008 | 010615e20000000CK |||||||||||||||||spa|d | ||
| 082 | 0 | 4 | |a 370.7 |b UNI |2 21 |
| 110 | 2 | |a Universidad Pedagógica Nacional |e author |9 459148 | |
| 245 | 1 | 3 | |a El oficio de investigar: educación y pedagogía hacia el nuevo milenio |
| 300 | |a 327 p | ||
| 942 | |c BK | ||
| 945 | |d 20010615 00:00:00 |a cmena | ||
| 260 | |a Bogotá |b CIUP |c 2000 | ||
| 650 | 0 | |a Investigación educacional |9 261192 | |
| 650 | 0 | |a Métodos de enseñanza |9 270413 | |
| 650 | 0 | |a Innovaciones pedagógicas |9 307471 | |
| 583 | |a last modification |c 20010615 00:00:00 |k Rodrigo Vera | ||
| 490 | 0 | |a Serie Desarrollos de Investigación Educativa, 2 | |
| 999 | |c 295912 |d 295910 | ||
| 952 | |0 0 |1 0 |4 0 |6 370_700000000000000_UNI_2000 |7 0 |8 A |9 349348 |a BIBEDU |b BIBEDU |c ES_NOD |d 2019-11-20 |i 3731448 |o 370.7 UNI 2000 |p 3731448 |r 2023-08-09 |w 2019-11-20 |y BK |k EDU | ||